[Event "AUT-ch Blitz"]
[Site "Innsbruck"]
[Date "2024.06.01"]
[Round "11"]
[White "Guba, Viktor"]
[Black "Froewis, Annika"]
[Result "1-0"]
[WhiteElo "1815"]
[BlackElo "2003"]
[PlyCount "59"]
[EventDate "2024.06.01"]
[EventType "swiss (blitz)"]
[EventRounds "11"]
[EventCountry "AUT"]
[SourceTitle "CB23_2024"]
[SourceDate "2024.06.05"]
[SourceVersion "1"]
[SourceVersionDate "2024.06.05"]
[SourceQuality "1"]

1. e4 e5 2. Nf3 Nc6 3. Nc3 Nf6 4. a3 d6 5. d4 exd4 6. Nxd4 Be7 7. Be2 0-0 8. 0-0 Re8 9. Be3 Bf8 10. f3 Ne5 11. Qd2 c5 12. Nb3 a6 13. a4 Be6 14. Bg5 h6 15. Bh4 Ng6 16. Bg3 Nh5 17. Bf2 Nhf4 18. Be3 Nxe2+ 19. Qxe2 Ne5 20. Nd2 Qb6 21. Rab1 Rad8 22. b4 Qc7 23. bxc5 dxc5 24. h3 b6 25. f4 Nc6 26. Nc4 Bxc4 27. Qxc4 Nd4 28. Nd5 Qc8 29. Bxd4 Rxe4 30. Nxb6 1-0

[Event "Graz Moser Memorial (Women)"]
[Site "Graz"]
[Date "2024.03.03"]
[Round "9"]
[White "Mkrtchian, Lilit"]
[Black "Froewis, Annika"]
[Result "1-0"]
[WhiteElo "2378"]
[BlackElo "2133"]
[PlyCount "83"]
[EventDate "2024.02.25"]
[EventType "tourn"]
[EventRounds "9"]
[EventCountry "AUT"]
[SourceTitle "CB10_2024"]
[SourceDate "2024.03.06"]
[SourceVersion "1"]
[SourceVersionDate "2024.03.06"]
[SourceQuality "1"]

1. d4 Nf6 2. c4 e6 3. Nc3 d5 4. cxd5 exd5 5. Bg5 Be7 6. e3 c6 7. Bd3 Nbd7 8. h3 0-0 9. Qc2 Re8 10. Nf3 Nf8 11. 0-0 Nh5 12. Bxe7 Qxe7 13. Rab1 a5 14. a3 Nf6 15. b4 axb4 16. axb4 N8d7 17. Rfc1 b5 18. Nd2 Bb7 19. Nb3 Nb6 20. Nc5 g6 21. e4 dxe4 22. N3xe4 Nxe4 23. Bxe4 Nc4 24. Ra1 Rxa1 25. Rxa1 Ba8 26. Qc3 Rd8 27. Bf3 Qf6 28. Ra6 Qd6 29. Qa1 Qb8 30. Nd7 Qd6 31. Rxa8 Qxd7 32. Bxc6 Qc7 33. Bxb5 Nd6 34. Rxd8+ Qxd8 35. Bc6 Qf6 36. b5 Nc4 37. Qc3 Qe6 38. Bf3 Nd6 39. b6 Nb5 40. Qc5 Qe1+ 41. Kh2 Nc3 42. b7 1-0

[Event "EU-ch Rapid (Women)"]
[Site "Monaco"]
[Date "2024.01.14"]
[Round "9"]
[White "Gaprindashvili, Nona"]
[Black "Froewis, Annika"]
[Result "1-0"]
[WhiteElo "2243"]
[BlackElo "2133"]
[PlyCount "49"]
[EventDate "2024.01.13"]
[EventType "swiss (rapid)"]
[EventRounds "11"]
[EventCountry "MNC"]
[SourceTitle "CB03_2024"]
[SourceDate "2024.01.17"]
[SourceVersion "1"]
[SourceVersionDate "2024.01.17"]
[SourceQuality "1"]

1. d4 d5 2. c4 e6 3. Nf3 Nf6 4. Nc3 dxc4 5. e3 a6 6. Bxc4 b5 7. Bb3 Bb7 8. 0-0 c5 9. Qe2 Qc7 10. dxc5 Bxc5 11. Bd2 0-0 12. Rac1 Qb6 13. e4 Nc6 14. e5 Nd7 15. Bf4 Nd4 16. Nxd4 Bxd4 17. Bc2 Rfd8 18. Bb1 Rac8 19. Rcd1 b4 20. Ne4 Bxe5 21. Bxe5 Nxe5 22. Ng5 Ng6 23. Qh5 f5 24. Qxh7+ Kf8 25. Qxg6 1-0

[Event "EU-chT (Women) 24th"]
[Site "Budva"]
[Date "2023.11.20"]
[Round "9.14"]
[White "Lhotska, Anna"]
[Black "Froewis, Annika"]
[Result "1-0"]
[WhiteElo "2125"]
[BlackElo "2151"]
[PlyCount "91"]
[EventDate "2023.11.11"]
[EventType "team-swiss"]
[EventRounds "9"]
[EventCountry "MNE"]
[SourceTitle "CB47_2023"]
[SourceDate "2023.11.22"]
[SourceVersion "1"]
[SourceVersionDate "2023.11.22"]
[SourceQuality "1"]
[WhiteTeam "Czech Republic (W)"]
[BlackTeam "Austria (W)"]
[WhiteTeamCountry "CZE"]
[BlackTeamCountry "AUT"]

1. e4 e5 2. Nf3 Nc6 3. Bb5 a6 4. Ba4 Nf6 5. 0-0 Be7 6. Re1 b5 7. Bb3 d6 8. c3 0-0 9. h3 Bb7 10. d4 Re8 11. Nbd2 Bf8 12. Bc2 g6 13. a4 exd4 14. cxd4 Bg7 15. Bb1 b4 16. Nf1 Na5 17. Ng3 c5 18. b3 Rc8 19. Ra2 Qb6 20. d5 Nd7 21. h4 c4 22. Be3 Nc5 23. bxc4 b3 24. Rae2 Nxc4 25. Bd4 Bxd4 26. Nxd4 Qb4 27. Qc1 Ne5 28. Ndf5 Ne6 29. Qe3 Rc3 30. Qd2 Ng7 31. Nxd6 Nc4 32. Qd4 Re7 33. e5 a5 34. Nge4 Nxd6 35. Qxc3 Nxe4 36. Qxb4 axb4 37. Rxe4 Bxd5 38. Rxb4 f6 39. f4 Kf7 40. Rb5 Be6 41. a5 Nh5 42. exf6 Nxf6 43. a6 Re8 44. a7 Ra8 45. Rb7+ Nd7 46. Be4 1-0

[Event "EU-chT (Women) 24th"]
[Site "Budva"]
[Date "2023.11.18"]
[Round "7.3"]
[White "Skaslien, Ingrid"]
[Black "Froewis, Annika"]
[Result "0-1"]
[WhiteElo "1941"]
[BlackElo "2151"]
[PlyCount "48"]
[EventDate "2023.11.11"]
[EventType "team-swiss"]
[EventRounds "9"]
[EventCountry "MNE"]
[SourceTitle "CB47_2023"]
[SourceDate "2023.11.22"]
[SourceVersion "1"]
[SourceVersionDate "2023.11.22"]
[SourceQuality "1"]
[WhiteTeam "Norway (W)"]
[BlackTeam "Austria (W)"]
[WhiteTeamCountry "NOR"]
[BlackTeamCountry "AUT"]

1. d4 Nf6 2. c4 e6 3. Nf3 d5 4. Nc3 dxc4 5. Bg5 a6 6. a4 Nc6 7. e4 Na5 8. e5 h6 9. Bh4 g5 10. exf6 gxh4 11. Ne5 Qxf6 12. Qh5 Bb4 13. Rd1 Rg8 14. g3 c5 15. gxh4 Bd7 16. Be2 Bxa4 17. Ng4 Qf4 18. Nxh6 Rg6 19. Ng4 0-0-0 20. 0-0 Bxd1 21. Rxd1 Qf5 22. Qxf5 exf5 23. h5 Rgg8 24. h3 fxg4 0-1

[Event "CRO-chT (Women) 31st"]
[Site "Veli Losinj"]
[Date "2023.10.18"]
[Round "9.1"]
[White "Froewis, Annika"]
[Black "Urh, Zala"]
[Result "1/2-1/2"]
[WhiteElo "2144"]
[BlackElo "2216"]
[PlyCount "132"]
[EventDate "2023.10.11"]
[EventType "team-tourn"]
[EventRounds "9"]
[EventCountry "CRO"]
[SourceTitle "Mega2024 Update 01"]
[Source "Chessbase"]
[SourceDate "2023.11.12"]
[SourceVersion "1"]
[SourceVersionDate "2023.11.12"]
[SourceQuality "1"]
[WhiteTeam "Sisak (W)"]
[BlackTeam "Djakovo Limmont (W)"]
[WhiteTeamCountry "CRO"]
[BlackTeamCountry "CRO"]

1. d4 Nf6 2. Bf4 d5 3. e3 c5 4. c3 Nc6 5. Nd2 Bf5 6. Bb5 Qb6 7. Qa4 e6 8. Ngf3 Nd7 9. Ne5 Ndxe5 10. Bxe5 f6 11. Bg3 a6 12. Bxc6+ bxc6 13. dxc5 Bxc5 14. 0-0 e5 15. e4 Bd7 16. b4 Be7 17. Qb3 Be6 18. Kh1 Kf7 19. Qc2 d4 20. a3 Rhd8 21. f4 dxc3 22. Qxc3 Qd4 23. Qxd4 Rxd4 24. Nf3 Rxe4 25. fxe5 f5 26. Rad1 Rd8 27. Rxd8 Bxd8 28. Rd1 Be7 29. Bf2 Bd5 30. Kg1 g6 31. Rc1 Re2 32. e6+ Rxe6 33. Nd4 Bg5 34. Rc5 Rd6 35. a4 Be4 36. Kf1 Bf6 37. Nb3 Rd3 38. Na5 Be7 39. Rc1 Bxb4 40. Nxc6 Bxc6 41. Rxc6 a5 42. Rc7+ Kf6 43. Rxh7 Ra3 44. Bd4+ Ke6 45. Rg7 Kd5 46. Bf6 Rxa4 47. Rxg6 Bc5 48. h4 Bd4 49. Be7 Ke4 50. Re6+ Kd3 51. Re1 Ra2 52. Rd1+ Ke4 53. Re1+ Kf4 54. Rd1 Rf2+ 55. Ke1 Be3 56. Rd3 Bb6 57. Rb3 Ba7 58. Rb7 Bd4 59. Bf6 Bc5 60. Rb5 Rc2 61. Kd1 Rc4 62. Rxa5 Bd4 63. Bxd4 Rxd4+ 64. Ke2 Kg4 65. h5 Kxh5 66. Rxf5+ Kg4 1/2-1/2

[Event "CRO-chT (Women) 31st"]
[Site "Veli Losinj"]
[Date "2023.10.16"]
[Round "7.1"]
[White "Froewis, Annika"]
[Black "Janzelj, Lara"]
[Result "1-0"]
[WhiteElo "2144"]
[BlackElo "2143"]
[PlyCount "91"]
[EventDate "2023.10.11"]
[EventType "team-tourn"]
[EventRounds "9"]
[EventCountry "CRO"]
[SourceTitle "Mega2024 Update 01"]
[Source "Chessbase"]
[SourceDate "2023.11.12"]
[SourceVersion "1"]
[SourceVersionDate "2023.11.12"]
[SourceQuality "1"]
[WhiteTeam "Sisak (W)"]
[BlackTeam "Novo Virje Konaki (W)"]
[WhiteTeamCountry "CRO"]
[BlackTeamCountry "CRO"]

1. e4 e5 2. Nf3 Nc6 3. d4 exd4 4. Bc4 Bc5 5. c3 Nf6 6. e5 d5 7. Be2 Ne4 8. cxd4 Bb6 9. 0-0 0-0 10. Be3 f6 11. exf6 Qxf6 12. Nc3 Be6 13. Bb5 Ne7 14. Qc2 Bf5 15. Bd3 Nxc3 16. bxc3 Rae8 17. Rae1 Qg6 18. Bxf5 Qxf5 19. Qxf5 Nxf5 20. Bd2 Nd6 21. Ne5 Ne4 22. Re2 Ba5 23. Rc1 c5 24. Be1 c4 25. f3 Nd6 26. Bd2 Nf5 27. Rce1 Rc8 28. Nd7 Rfd8 29. Nc5 Rb8 30. g4 Nh4 31. Kf2 Ng6 32. f4 b5 33. f5 Nf8 34. a3 Bb6 35. Bg5 Rdc8 36. Bf4 Ra8 37. Na6 Nd7 38. Re7 Nf6 39. Kf3 Bd8 40. Rb7 Ne4 41. Nb4 Bh4 42. Re3 Nf6 43. g5 a5 44. gxf6 axb4 45. f7+ Kh8 46. Bb8 1-0

[Event "AUT-chT2O 2223"]
[Site "Austria"]
[Date "2023.04.22"]
[Round "10.3"]
[White "Gschiel, Alexander"]
[Black "Froewis, Annika"]
[Result "1-0"]
[WhiteElo "2300"]
[BlackElo "2105"]
[PlyCount "79"]
[EventDate "2022.10.15"]
[EventType "team-tourn"]
[EventRounds "11"]
[EventCountry "AUT"]
[SourceTitle "EXT 2024"]
[Source "ChessBase"]
[SourceDate "2023.10.10"]
[SourceVersion "1"]
[SourceVersionDate "2023.10.10"]
[SourceQuality "1"]
[WhiteTeam "Pamhagen"]
[BlackTeam "Donaustadt"]
[WhiteTeamCountry "AUT"]
[BlackTeamCountry "AUT"]

1. d4 Nf6 2. c4 e6 3. Nf3 d5 4. g3 Be7 5. Bg2 0-0 6. 0-0 dxc4 7. Qa4 a6 8. Qxc4 b5 9. Qc2 Bb7 10. Bd2 Be4 11. Qc1 Ra7 12. Nc3 Ba8 13. Be3 Nd5 14. Ne5 Nxe3 15. Qxe3 Bxg2 16. Kxg2 Qc8 17. a4 Qb7+ 18. f3 c6 19. Ne4 Nd7 20. Nc5 Bxc5 21. dxc5 Nxe5 22. Qxe5 Rd8 23. Rfd1 Raa8 24. axb5 Qxb5 25. Kf2 Rxd1 26. Rxd1 Rb8 27. Rd7 h6 28. Kf1 a5 29. Qc7 Qxb2 30. Rxf7 Rb5 31. Qe7 Qe5 32. Rf8+ Kh7 33. Qe8 Rb1+ 34. Kf2 Qxc5+ 35. Kg2 Qg1+ 36. Kh3 Qf1+ 37. Kg4 Rb4+ 38. e4 Rxe4+ 39. fxe4 Qe2+ 40. Kh3 1-0

[Event "Mitropa Cup (Women)"]
[Site "Mali Losinj"]
[Date "2023.04.17"]
[Round "7.14"]
[White "Benmesbah, Natacha"]
[Black "Froewis, Annika"]
[Result "1-0"]
[WhiteElo "2256"]
[BlackElo "2155"]
[PlyCount "121"]
[EventDate "2023.04.11"]
[EventType "team-tourn"]
[EventRounds "9"]
[EventCountry "CRO"]
[SourceTitle "CBM 213 Extra"]
[Source "ChessBase"]
[SourceDate "2023.05.31"]
[SourceVersion "1"]
[SourceVersionDate "2023.05.31"]
[SourceQuality "1"]
[WhiteTeam "France (W)"]
[BlackTeam "Austria (W)"]
[WhiteTeamCountry "FRA"]
[BlackTeamCountry "AUT"]

1. e4 c5 2. b3 Nc6 3. Bb2 d6 4. f4 e6 5. Nf3 Nf6 6. Nc3 a6 7. d4 b5 8. dxc5 dxc5 9. Qxd8+ Nxd8 10. 0-0-0 Bb7 11. e5 Nh5 12. Ne2 g6 13. h4 Bxf3 14. gxf3 Nxf4 15. Nc3 Be7 16. a4 b4 17. Ne4 Nc6 18. Bc4 Na5 19. Bd3 0-0 20. h5 Rfd8 21. hxg6 fxg6 22. Nd6 h5 23. Be4 Ra7 24. Kb1 Rad7 25. Rdg1 g5 26. Rh2 Kf8 27. Bc1 Bxd6 28. exd6 Rxd6 29. Bxf4 gxf4 30. Rxh5 Rd1+ 31. Rxd1 Rxd1+ 32. Kb2 Rd7 33. Rxc5 Nb7 34. Rc8+ Kf7 35. Rb8 Nd6 36. Rxb4 a5 37. Rd4 e5 38. Rd3 Ke6 39. Bd5+ Ke7 40. Kc1 Rc7 41. c3 Nf5 42. Kb2 Rc8 43. Bb7 Rb8 44. Bc6 Rb6 45. Bb5 Nd6 46. c4 Rb7 47. Rd5 Ke6 48. Kc3 e4 49. fxe4 Nxe4+ 50. Kd3 Ng3 51. Rg5 Rb8 52. c5 Rd8+ 53. Kc2 Kf6 54. Rg4 Kf5 55. Rg7 Ke5 56. c6 Nf5 57. Rg5 Kf6 58. Rxf5+ Kxf5 59. c7 Rf8 60. Bd7+ Ke5 61. c8Q 1-0

[Event "Mitropa Cup (Women)"]
[Site "Mali Losinj"]
[Date "2023.04.15"]
[Round "5.2"]
[White "Berke, Ana"]
[Black "Froewis, Annika"]
[Result "1/2-1/2"]
[WhiteElo "2132"]
[BlackElo "2155"]
[PlyCount "191"]
[EventDate "2023.04.11"]
[EventType "team-tourn"]
[EventRounds "9"]
[EventCountry "CRO"]
[SourceTitle "CBM 213 Extra"]
[Source "ChessBase"]
[SourceDate "2023.05.31"]
[SourceVersion "1"]
[SourceVersionDate "2023.05.31"]
[SourceQuality "1"]
[WhiteTeam "Croatia (W)"]
[BlackTeam "Austria (W)"]
[WhiteTeamCountry "CRO"]
[BlackTeamCountry "AUT"]

1. e4 e5 2. Nf3 Nc6 3. Bb5 a6 4. Ba4 Nf6 5. d3 b5 6. Bb3 Bc5 7. Nc3 h6 8. Nd5 Rb8 9. c3 d6 10. a4 0-0 11. axb5 axb5 12. d4 exd4 13. cxd4 Nxd5 14. dxc5 Nf6 15. cxd6 cxd6 16. 0-0 Bg4 17. Bf4 Bxf3 18. Qxf3 Nd4 19. Qd3 Nxb3 20. Qxb3 Nxe4 21. Qd5 Re8 22. Rfe1 Nf6 23. Qxd6 Rxe1+ 24. Rxe1 Qxd6 25. Bxd6 Rc8 26. h3 Rc2 27. b4 Rd2 28. Bc5 Kh7 29. Re7 Rd7 30. Re1 Kg6 31. g3 Rd2 32. Kg2 Nd7 33. Be3 Rd5 34. Ra1 Ne5 35. Ra6+ f6 36. Ra1 Nd3 37. Rb1 Kf5 38. Kf3 Ne5+ 39. Ke2 Nc4 40. Bc5 Rd2+ 41. Kf3 Ne5+ 42. Kg2 Nd3 43. Rb3 Ke4 44. Rb1 h5 45. h4 Rc2 46. Be3 f5 47. Rb3 Ra2 48. Rb1 g6 49. Bb6 Re2 50. Bc5 Rc2 51. Bb6 Rc1 52. Rb3 Rd1 53. Ba7 Ne1+ 54. Kh3 Rd3 55. Rb1 Nf3 56. Kg2 f4 57. Rb2 Rd2 58. Rb1 Re2 59. Rb3 Nd2 60. Rc3 f3+ 61. Kh2 Re1 62. Rc6 Kd3 63. Rxg6 Nf1+ 64. Kh3 Ne3 65. g4 hxg4+ 66. Kg3 Rg1+ 67. Kf4 Nd5+ 68. Ke5 Nxb4 69. h5 Rh1 70. h6 Ke2 71. Kf5 Nd3 72. Re6+ Kf1 73. Kxg4 Kg2 74. Rf6 b4 75. Bd4 Rh3 76. Rb6 Rh1 77. Kg5 Nxf2 78. Rxb4 Ne4+ 79. Kg6 f2 80. Bxf2 Nxf2 81. h7 Nd3 82. Rb5 Nf4+ 83. Kg7 Ne6+ 84. Kg8 Rxh7 85. Kxh7 Kf3 86. Kg6 Ke4 87. Kf6 Nd4 88. Rb4 Kd5 89. Rb1 Ke4 90. Re1+ Kd5 91. Re5+ Kd6 92. Ra5 Nc6 93. Rb5 Nd4 94. Rb1 Kd5 95. Rd1 Ke4 96. Re1+ 1/2-1/2

[Event "EU-ch (Women) 23rd"]
[Site "Petrovac"]
[Date "2023.03.26"]
[Round "8"]
[White "Froewis, Annika"]
[Black "Sliwicka, Alicja"]
[Result "0-1"]
[WhiteElo "2123"]
[BlackElo "2272"]
[PlyCount "72"]
[EventDate "2023.03.18"]
[EventType "swiss"]
[EventRounds "11"]
[EventCountry "MNE"]
[SourceTitle "CBM 213 Extra"]
[Source "ChessBase"]
[SourceDate "2023.05.31"]
[SourceVersion "1"]
[SourceVersionDate "2023.05.31"]
[SourceQuality "1"]

1. e4 c5 2. Nf3 d6 3. d4 cxd4 4. Nxd4 Nf6 5. Nc3 Nc6 6. f3 e5 7. Nb3 Be7 8. Be3 0-0 9. Qd2 Be6 10. 0-0-0 a5 11. Bb5 Nb4 12. a4 d5 13. exd5 Nfxd5 14. Nxd5 Bxd5 15. Kb1 Rc8 16. c4 Be6 17. g4 Qc7 18. Qf2 f5 19. Bb6 Qb8 20. Nxa5 fxg4 21. Bd7 Bf5+ 22. Bxf5 Rxf5 23. Rd7 Bf8 24. Rg1 Rxf3 25. Qd2 e4 26. Rxb7 Qe5 27. Qd7 Qf6 28. Rd1 Rf1 29. Qd2 e3 30. Bxe3 Qf5+ 31. Ka1 Rxd1+ 32. Qxd1 Nc2+ 33. Ka2 Nxe3 34. Qe1 Nxc4 35. Nxc4 Rxc4 36. Qe8 Qd5 0-1

[Event "EU-ch (Women) 23rd"]
[Site "Petrovac"]
[Date "2023.03.21"]
[Round "4"]
[White "Krasteva, Beloslava"]
[Black "Froewis, Annika"]
[Result "1-0"]
[WhiteElo "2292"]
[BlackElo "2123"]
[PlyCount "89"]
[EventDate "2023.03.18"]
[EventType "swiss"]
[EventRounds "11"]
[EventCountry "MNE"]
[SourceTitle "CBM 213 Extra"]
[Source "ChessBase"]
[SourceDate "2023.05.31"]
[SourceVersion "1"]
[SourceVersionDate "2023.05.31"]
[SourceQuality "1"]

1. d4 Nf6 2. c4 e6 3. Nc3 Bb4 4. e3 d5 5. a3 Be7 6. Nf3 0-0 7. b3 b6 8. Bd3 Bb7 9. 0-0 c5 10. Bb2 Nbd7 11. Qe2 Rc8 12. Rfd1 Qc7 13. Rac1 Qb8 14. Ne5 Rfd8 15. f4 g6 16. cxd5 Nxd5 17. Ne4 cxd4 18. Bxd4 Rxc1 19. Rxc1 Bxa3 20. Ra1 Be7 21. Ng4 Kf8 22. Ng5 Bxg5 23. fxg5 e5 24. Bb2 a5 25. Rf1 Qd6 26. Qf2 Qe6 27. Bc4 b5 28. Bxb5 f5 29. Qh4 Qb6 30. Qxh7 Qe6 31. Nh6 Nb4 32. Qh8+ Ke7 33. Qg7+ Kd6 34. Nf7+ Kc7 35. Nxd8 Kxd8 36. Rd1 Bc6 37. Bc4 Bd5 38. Qh8+ Kc7 39. Bxd5 Nxd5 40. Rc1+ Kb7 41. Qc8+ Kb6 42. Bxe5 Qxe5 43. Qc6+ Ka7 44. Qxd7+ Kb6 45. Rc6+ 1-0

[Event "EU-ch (Women) 23rd"]
[Site "Petrovac"]
[Date "2023.03.19"]
[Round "2"]
[White "Froewis, Annika"]
[Black "Danielian, Elina"]
[Result "0-1"]
[WhiteElo "2123"]
[BlackElo "2431"]
[PlyCount "106"]
[EventDate "2023.03.18"]
[EventType "swiss"]
[EventRounds "11"]
[EventCountry "MNE"]
[SourceTitle "CBM 213 Extra"]
[Source "ChessBase"]
[SourceDate "2023.05.31"]
[SourceVersion "1"]
[SourceVersionDate "2023.05.31"]
[SourceQuality "1"]

1. e4 e6 2. d4 d5 3. Nc3 Bb4 4. e5 b6 5. Qg4 Bf8 6. Bb5+ c6 7. Ba4 a5 8. a3 Ba6 9. Nce2 Qd7 10. h4 Bc4 11. c3 Bd3 12. Qh3 Bc4 13. h5 h6 14. f4 f5 15. exf6 gxf6 16. Nf3 Bd6 17. Nh4 Ne7 18. Bc2 c5 19. f5 exf5 20. Nxf5 Nxf5 21. Bxf5 Qe7 22. Qe3 Ra7 23. Rh3 Kd8 24. Kf2 Nc6 25. Qxe7+ Rxe7 26. Bd3 Rhe8 27. Bxc4 dxc4 28. Be3 cxd4 29. cxd4 f5 30. Rf3 f4 31. Nxf4 Rxe3 32. Rxe3 Bxf4 33. Rxe8+ Kxe8 34. Kf3 Bg5 35. Ke4 Ne7 36. a4 Kd7 37. Rf1 Ke6 38. Rf8 Nd5 39. Re8+ Kd6 40. Rb8 Nf6+ 41. Kf5 Kc7 42. Rf8 Nxh5 43. Ke5 Nf4 44. Ke4 Ne6 45. Rf7+ Kd6 46. Rb7 Bd8 47. Ra7 Bf6 48. Kf5 Bxd4 49. Rh7 Be3 50. g4 Nc5 51. Rg7 Nxa4 52. Ke4 Bc1 53. Rg6+ Kc5 0-1

[Event "Vienna (Women)"]
[Site "Vienna"]
[Date "2023.02.10"]
[Round "6"]
[White "Bashylina, Luisa"]
[Black "Froewis, Annika"]
[Result "1/2-1/2"]
[WhiteElo "2131"]
[BlackElo "2124"]
[PlyCount "79"]
[EventDate "2023.02.07"]
[EventType "tourn"]
[EventRounds "9"]
[EventCountry "AUT"]
[SourceTitle "CBM 212 Extra"]
[Source "ChessBase"]
[SourceDate "2023.03.31"]
[SourceVersion "1"]
[SourceVersionDate "2023.03.31"]
[SourceQuality "1"]

1. d4 Nf6 2. c4 e6 3. Nc3 Bb4 4. f3 d5 5. a3 Bd6 6. e4 c5 7. cxd5 cxd4 8. Qa4+ Bd7 9. Qxd4 exd5 10. Nxd5 Nxd5 11. exd5 0-0 12. Bd3 Na6 13. Ne2 Re8 14. Kf1 Nc5 15. Bc4 b5 16. Ba2 Qe7 17. Qd1 a5 18. Bf4 b4 19. Bxd6 Qxd6 20. Bc4 bxa3 21. bxa3 Ba4 22. Qd4 Nb3 23. Bxb3 Bxb3 24. Kf2 Rac8 25. Rac1 Qxd5 26. Qxd5 Bxd5 27. Rxc8 Rxc8 28. Rc1 Rxc1 29. Nxc1 Kf8 30. Ke3 Ke7 31. Kd4 Kd6 32. Ne2 f6 33. Nf4 Bf7 34. Nd3 Kc6 35. Nb2 Kb5 36. g3 h5 37. f4 Be6 38. Nd3 Bf7 39. Nb2 Be6 40. Ke4 1/2-1/2

[Event "EU-ch Rapid"]
[Site "Katowice"]
[Date "2022.12.17"]
[Round "3"]
[White "Plichta, Kamil"]
[Black "Froewis, Annika"]
[Result "1-0"]
[WhiteElo "2394"]
[BlackElo "2114"]
[PlyCount "75"]
[EventDate "2022.12.17"]
[EventType "swiss (rapid)"]
[EventRounds "11"]
[EventCountry "POL"]
[SourceTitle "CBM 211 Extra"]
[Source "ChessBase"]
[SourceDate "2023.01.31"]
[SourceVersion "1"]
[SourceVersionDate "2023.01.31"]
[SourceQuality "1"]

1. e4 e5 2. Nf3 Nc6 3. Bc4 Bc5 4. c3 Nf6 5. d4 exd4 6. e5 d5 7. Be2 Ne4 8. cxd4 Bb4+ 9. Bd2 Nxd2 10. Nbxd2 0-0 11. 0-0 f6 12. Bb5 Ne7 13. a3 Bxd2 14. Qxd2 c6 15. Bd3 Bf5 16. Rfe1 fxe5 17. Rxe5 Bxd3 18. Qxd3 Ng6 19. Rh5 Qf6 20. Re1 h6 21. Qe3 Nf4 22. Re5 Qg6 23. g3 Qg4 24. Re7 Nh3+ 25. Kg2 Nf4+ 26. Kg1 Nh3+ 27. Kg2 Nf4+ 28. Kh1 Nh3 29. Ne5 Qf5 30. f4 Rae8 31. Nxc6 Rc8 32. Re5 Qc2 33. Ne7+ Kh8 34. Qe2 Qxe2 35. R5xe2 Rc4 36. Ng6+ Kg8 37. Nxf8 Kxf8 38. Kg2 1-0

[Event "AUT-chT2O 2223"]
[Site "Austria"]
[Date "2022.12.03"]
[Round "5.5"]
[White "Steiner, Bruno"]
[Black "Froewis, Annika"]
[Result "1-0"]
[WhiteElo "2070"]
[BlackElo "2105"]
[PlyCount "91"]
[EventDate "2022.10.15"]
[EventType "team-tourn"]
[EventRounds "11"]
[EventCountry "AUT"]
[SourceTitle "CBM 213 Extra"]
[Source "ChessBase"]
[SourceDate "2023.05.31"]
[SourceVersion "1"]
[SourceVersionDate "2023.05.31"]
[SourceQuality "1"]
[WhiteTeam "Kottingbrunn"]
[BlackTeam "Donaustadt"]
[WhiteTeamCountry "AUT"]
[BlackTeamCountry "AUT"]

1. d4 d5 2. Nf3 Nf6 3. e3 e6 4. Bd3 c5 5. b3 Bd6 6. 0-0 Nc6 7. Bb2 0-0 8. Nbd2 Nb4 9. Be2 b6 10. a3 Nc6 11. Bd3 Bb7 12. Qe2 Rc8 13. dxc5 bxc5 14. e4 Bf4 15. Rfe1 Ng4 16. Rad1 Qc7 17. g3 Be5 18. Bc1 Bc3 19. exd5 Nce5 20. Ng5 h6 21. Nge4 Bxd2 22. Nxd2 Bxd5 23. Ba6 Qc6 24. Bxc8 Bf3 25. Bd7 Bxe2 26. Bxc6 Bxd1 27. Be4 f5 28. Rxd1 fxe4 29. Nxe4 Nf3+ 30. Kg2 Nd4 31. h3 Ne5 32. Bb2 Nef3 33. Nxc5 Nxc2 34. Nxe6 Nfe1+ 35. Kf1 Re8 36. Nxg7 Re4 37. Nh5 Re6 38. Rd8+ Kf7 39. Rd7+ Kg8 40. Nf4 Rc6 41. Rg7+ Kf8 42. Ng6+ Ke8 43. Rg8+ Kf7 44. Ne5+ Kxg8 45. Nxc6 Nd3 46. Nd4 1-0

[Event "EU-ch (Women) 22nd"]
[Site "Prague"]
[Date "2022.08.30"]
[Round "10"]
[White "Doluhanova, Evgeniya"]
[Black "Froewis, Annika"]
[Result "1-0"]
[WhiteElo "2278"]
[BlackElo "2044"]
[PlyCount "65"]
[EventDate "2022.08.20"]
[EventType "swiss"]
[EventRounds "11"]
[EventCountry "CZE"]
[SourceTitle "CBM 209 Extra"]
[Source "ChessBase"]
[SourceDate "2022.09.30"]
[SourceVersion "1"]
[SourceVersionDate "2022.09.30"]
[SourceQuality "1"]

1. c4 e6 2. e4 d5 3. cxd5 exd5 4. exd5 Nf6 5. d4 Bb4+ 6. Nc3 0-0 7. a3 Re8+ 8. Be2 Bf8 9. Bg5 h6 10. Bxf6 Qxf6 11. Nf3 Nd7 12. 0-0 a6 13. Bd3 Qd8 14. Qb3 b6 15. Rfe1 Rxe1+ 16. Rxe1 Nf6 17. Ne5 Qd6 18. Ne4 Nxe4 19. Bxe4 Ra7 20. Qf3 c5 21. dxc6 Qxd4 22. Bd5 Be6 23. Bxe6 fxe6 24. Nd7 Rxd7 25. cxd7 Qxd7 26. Qe2 Kf7 27. Qxa6 Bc5 28. Qe2 Bd4 29. g3 Qd5 30. b4 e5 31. Rc1 Kf6 32. Qc2 b5 33. Qc6+ 1-0

[Event "EU-ch (Women) 22nd"]
[Site "Prague"]
[Date "2022.08.22"]
[Round "3"]
[White "Schulze, Lara"]
[Black "Froewis, Annika"]
[Result "1-0"]
[WhiteElo "2297"]
[BlackElo "2044"]
[PlyCount "55"]
[EventDate "2022.08.20"]
[EventType "swiss"]
[EventRounds "11"]
[EventCountry "CZE"]
[SourceTitle "CBM 209 Extra"]
[Source "ChessBase"]
[SourceDate "2022.09.30"]
[SourceVersion "1"]
[SourceVersionDate "2022.09.30"]
[SourceQuality "1"]

1. e4 c5 2. Nf3 d6 3. Bb5+ Bd7 4. c4 g6 5. d4 cxd4 6. Qxd4 Nf6 7. Nc3 Bg7 8. 0-0 0-0 9. Bxd7 Nfxd7 10. Qe3 Nc6 11. Bd2 Nde5 12. Nxe5 Nxe5 13. b3 a6 14. h3 Nc6 15. Rac1 Nd4 16. Rfd1 b5 17. Be1 e5 18. Nd5 f5 19. f3 Rf7 20. b4 bxc4 21. Rxc4 Qf8 22. Bd2 Bf6 23. Rdc1 Rb8 24. Qd3 fxe4 25. Qxe4 Ne6 26. Rc6 Bg5 27. Bxg5 Nxg5 28. Qg4 1-0